[Event "Charlotte CCCSA Holiday GM"]
[Site "Charlotte"]
[Date "2019.12.28"]
[Round "5"]
[White "Mishra, Abhimanyu"]
[Black "Sinha, Sahil"]
[Result "0-1"]
[WhiteElo "2397"]
[BlackElo "2296"]
[PlyCount "86"]
[EventDate "2019.12.26"]
[EventType "tourn"]
[EventRounds "9"]
[EventCountry "USA"]
[EventCategory "8"]
[SourceTitle "CBM 194 Extra"]
[Source "ChessBase"]
[SourceDate "2020.03.31"]
[SourceVersion "1"]
[SourceVersionDate "2020.03.31"]
[SourceQuality "1"]

1. e4 c5 2. Nf3 d6 3. d4 cxd4 4. Qxd4 a6 5. Be2 Nc6 6. Qe3 g6 7. 0-0 Bg7 8. c4 Nf6 9. h3 0-0 10. Nc3 Nd7 11. Rb1 Nde5 12. Nd2 f5 13. f4 Ng4 14. Qg3 Bd4+ 15. Kh1 Nf6 16. Bf3 e5 17. Nd5 exf4 18. Qxf4 Nxd5 19. exd5 Be5 20. Qe3 Nd4 21. Nb3 f4 22. Qd3 Nf5 23. Qd1 Ng3+ 24. Kh2 Bf5 25. Ra1 Nxf1+ 26. Qxf1 a5 27. c5 a4 28. Nd2 a3 29. Nc4 Bd4 30. Qd1 dxc5 31. Qb3 Qh4 32. Bd2 axb2 33. Nxb2 Qg3+ 34. Kh1 Bxh3 35. d6+ Rf7 36. Be1 Bxg2+ 37. Bxg2 Qxb3 38. axb3 Rxa1 39. Bd5 Rxe1+ 40. Kg2 Re2+ 41. Kf3 Rxb2 42. d7 Rf2+ 43. Ke4 Bf6 0-1

[Event "Charlotte CCCSA Holiday GM"]
[Site "Charlotte"]
[Date "2019.12.27"]
[Round "3"]
[White "Korley, Kassa"]
[Black "Sinha, Sahil"]
[Result "1/2-1/2"]
[WhiteElo "2432"]
[BlackElo "2296"]
[PlyCount "29"]
[EventDate "2019.12.26"]
[EventType "tourn"]
[EventRounds "9"]
[EventCountry "USA"]
[EventCategory "8"]
[SourceTitle "CBM 194 Extra"]
[Source "ChessBase"]
[SourceDate "2020.03.31"]
[SourceVersion "1"]
[SourceVersionDate "2020.03.31"]
[SourceQuality "1"]

1. d4 Nf6 2. c4 e6 3. Nc3 Bb4 4. Qc2 0-0 5. a3 Bxc3+ 6. Qxc3 d5 7. e3 b6 8. Nf3 Bb7 9. Be2 Nbd7 10. 0-0 c5 11. b4 Rc8 12. dxc5 Ne4 13. Qb3 bxc5 14. Bb2 Nb6 15. Rfd1 1/2-1/2

[Event "Washington op 8th"]
[Site "Rockville"]
[Date "2019.07.27"]
[Round "1"]
[White "Sinha, Sahil"]
[Black "Wang, Justin"]
[Result "1/2-1/2"]
[WhiteElo "2268"]
[BlackElo "2457"]
[PlyCount "147"]
[EventDate "2019.07.27"]
[EventType "swiss"]
[EventRounds "9"]
[EventCountry "USA"]
[SourceTitle "CBM 191 Extra"]
[Source "ChessBase"]
[SourceDate "2019.09.30"]
[SourceVersion "1"]
[SourceVersionDate "2019.09.30"]
[SourceQuality "1"]

1. d4 Nf6 2. c4 e6 3. Nc3 Bb4 4. Qc2 0-0 5. Nf3 c5 6. dxc5 Na6 7. g3 Nxc5 8. Bg2 b6 9. 0-0 Bb7 10. Nb5 Be4 11. Qd1 Nb7 12. a3 Be7 13. Bf4 Rc8 14. Rc1 a6 15. Nc3 Bc6 16. b4 a5 17. Qb3 Nd6 18. Nd2 axb4 19. axb4 Nf5 20. e4 Nd4 21. Qb1 Ba8 22. e5 Nd5 23. Bxd5 exd5 24. Qd3 Nc6 25. Nxd5 Nxb4 26. Qb3 Nxd5 27. cxd5 Rxc1 28. Rxc1 d6 29. exd6 Bxd6 30. Be3 Be7 31. Bxb6 Qxd5 32. Qxd5 Bxd5 33. Bc5 Rc8 34. Ba3 Rxc1+ 35. Bxc1 f5 36. Nf1 g6 37. f4 Kf7 38. Kf2 Bc4 39. Be3 Ke6 40. Nd2 Bd3 41. Nf3 Kd5 42. h4 Bb5 43. Ng5 h6 44. Nf3 Ke4 45. Nd2+ Kd3 46. Nf3 Be8 47. Ne5+ Ke4 48. Nc4 Bf8 49. Nd2+ Kd3 50. Nf3 Bg7 51. Ne5+ Ke4 52. Nf3 Bb5 53. Ne5 Be8 54. Nc4 Kd3 55. Ne5+ Kc2 56. Nf3 Kd1 57. Bc5 Ba4 58. Be7 Bc3 59. Bf8 Ba5 60. Bc5 Bc6 61. Bd4 Be4 62. Be3 Bc3 63. Bc5 Bb2 64. Bd4 Ba3 65. Ne5 Bb4 66. Nf3 Ba5 67. Bc5 Kc2 68. Ne5 Bc3 69. Be3 g5 70. hxg5 hxg5 71. g4 Kd1 72. gxf5 Bxf5 73. Kf3 Ke1 74. Ng4 1/2-1/2